000 00601pam a2200229 a 4500
001 479049
005 20180227070112.0
008 840427s1984 maua b 001 0 eng
010 _a 84009328
020 _a0201083728 (pbk.) :
_c$19.95
040 _aDLC
_cDLC
_dDLC
041 _aeng
080 _a001.6424 WIN
082 0 0 _a001.6424 WIN
_219
100 1 _a28
101 _aSHK
245 1 0 _aLISP /
_cPatrick Henry Winston, Berthold Klaus Paul Horn.
504 _aBibliography: p. 397-416.
740 0 _aL.I.S.P.
906 _a7
_bcbc
_corignew
_d1
_eocip
_f19
_gy-gencatlg
942 _2ddc
_cBK
999 _c43593
_d43593